000 00722nam a22002177a 4500
003 UA-OsUOA
001 110097
007 ta
008 20150217b un ||||| |||| 00| 0 ukr d
100 _aКрик Н.
090 _a94(477)
_bК82
942 _cSA
040 _aUA-OsUOA
_bukr
_cUA-OsUOA
_dUA-OsUOA
245 _aУкраїнізація школи та проблема навчальної літератури в період Гетьманату Павла Скоропадського
300 _aС.29-33
955 _a0
041 _aukr
080 _a94(477)
773 0 _w110094
_tМандрівець
_dТернопіль
_d2014
_g6
650 7 _a9 Географія. Біографії. Історія
_2UDC
999 _c396115
_d396115